The complete world encyclopedia of guns / (Record no. 14206)

000 -LEADER
fixed length control field 00658nam a2200205 a 4500
001 - CONTROL NUMBER
control field ASIN0681949961
005 - DATE AND TIME OF LATEST TRANSACTION
control field 20170105102849.0
008 - FIXED-LENGTH DATA ELEMENTS--GENERAL INFORMATION
fixed length control field 130820s2008 xxu eng d
020 ## - INTERNATIONAL STANDARD BOOK NUMBER
International Standard Book Number 9781846815478
020 ## - INTERNATIONAL STANDARD BOOK NUMBER
International Standard Book Number 1846815479
040 ## - CATALOGING SOURCE
Original cataloging agency 0
082 04 - DEWEY DECIMAL CLASSIFICATION NUMBER
Classification number 623.4403
100 1# - MAIN ENTRY--PERSONAL NAME
Personal name North, Will Floler - Anothny.
245 14 - TITLE STATEMENT
Title The complete world encyclopedia of guns /
Statement of responsibility, etc. Will Floler - Anothny North - Charles Stronge & Patrick Sweeney
260 ## - PUBLICATION, DISTRIBUTION, ETC.
Place of publication, distribution, etc. [S.l.] :
Name of publisher, distributor, etc. Hrmrs Hsr,
Date of publication, distribution, etc. 2008.
300 ## - PHYSICAL DESCRIPTION
Extent 1 v. (unpaged) ;
Dimensions 30 cm.
650 #0 - SUBJECT ADDED ENTRY--TOPICAL TERM
Topical term or geographic name entry element Firearms
856 40 - ELECTRONIC LOCATION AND ACCESS
Materials specified Amazon.com
Uniform Resource Identifier <a href="http://www.amazon.com/exec/obidos/ASIN/0681949961/chopaconline-20">http://www.amazon.com/exec/obidos/ASIN/0681949961/chopaconline-20</a>
942 ## - ADDED ENTRY ELEMENTS (KOHA)
Source of classification or shelving scheme
Koha item type Reference
Holdings
Withdrawn status Lost status Damaged status Not for loan Collection code Permanent Location Current Location Shelving location Date acquired Total Checkouts Full call number Barcode Date last seen Price effective from Koha item type
          Centre for International Peace & Stability (CIPS) Centre for International Peace & Stability (CIPS) General Stacks 08/20/2013   623.4403 COM 2008 CIPS0000727 08/20/2013 01/05/2017 Book
© 2023 Central Library, National University of Sciences and Technology. All Rights Reserved.